000
00222 a2200097 4500
001
53256
100
_a
Wood, B D
245
_a
Applications of thermodynamics
260
_a
London
_b
Addison wesley
_c
090
_c
33542
_d
33542
942
_a
NUST-CAE
_c
M
_c
26161
999
_c
288329
_d
288329